Natural rubber/epoxidised natural rubber/polyvinyl chloride ternary thermoset blends (Record no. 63658)

MARC details
000 -LEADER
fixed length control field 00510nam a2200145Ia 4500
100 ## - MAIN ENTRY--AUTHOR NAME
Personal name Varkey J K
245 #0 - TITLE STATEMENT
Title Natural rubber/epoxidised natural rubber/polyvinyl chloride ternary thermoset blends
260 ## - PUBLICATION, DISTRIBUTION, ETC. (IMPRINT)
Name of publisher Proceedings of the International Conference on Rubbers Calcutta, December 12-14, 1997. V1. p136-145
Year of publication 1997
650 ## - SUBJECT ADDED ENTRY--TOPICAL TERM
Topical Term Epoxidised natural rubber
650 ## - SUBJECT ADDED ENTRY--TOPICAL TERM
Topical Term Natural rubber
650 ## - SUBJECT ADDED ENTRY--TOPICAL TERM
Topical Term Thermoset blends
700 ## - ADDED ENTRY--PERSONAL NAME
Personal name Mathew N M
942 ## - ADDED ENTRY ELEMENTS (KOHA)
Koha item type Journals
Holdings
Withdrawn status Lost status Damaged status Not for loan Home library Current library Shelving location Date acquired Koha item type
      Journals RRII Library RRII Library Rubber chemistry 17/12/2021 Journals